[Event "Moscow op-B (Women) 14th"]
[Site "Moscow"]
[Date "2018.02.04"]
[Round "9"]
[White "Sakorenko, Adriana"]
[Black "Khristenko, Anna"]
[Result "1-0"]
[WhiteElo "2085"]
[BlackElo "1952"]
[PlyCount "51"]
[EventDate "2018.01.27"]
[EventType "swiss"]
[EventRounds "9"]
[EventCountry "RUS"]
[SourceTitle "CBM 182 Extra"]
[Source "ChessBase"]
[SourceDate "2018.02.23"]
[SourceVersion "1"]
[SourceVersionDate "2018.02.23"]
[SourceQuality "1"]

1. e4 c5 2. Nf3 e6 3. b3 a6 4. c4 Nc6 5. Bb2 b6 6. g3 Bb7 7. Bg2 d6 8. d4 cxd4 9. Nxd4 Nf6 10. Nc3 Qc7 11. 0-0 Be7 12. Rc1 Nxd4 13. Qxd4 Bc6 14. Nd5 Bxd5 15. cxd5 Qb7 16. dxe6 fxe6 17. e5 Nd5 18. Qg4 Kd7 19. exd6 Bxd6 20. Bxd5 Qxd5 21. Qxg7+ Be7 22. Rfd1 Rhg8 23. Rxd5+ exd5 24. Qxh7 Rgc8 25. Re1 Re8 26. Ba3 1-0

[Event "Moscow op-B (Women) 14th"]
[Site "Moscow"]
[Date "2018.02.03"]
[Round "8"]
[White "Kabanova, Ekaterina"]
[Black "Khristenko, Anna"]
[Result "1-0"]
[WhiteElo "2202"]
[BlackElo "1952"]
[PlyCount "109"]
[EventDate "2018.01.27"]
[EventType "swiss"]
[EventRounds "9"]
[EventCountry "RUS"]
[SourceTitle "CBM 182 Extra"]
[Source "ChessBase"]
[SourceDate "2018.02.23"]
[SourceVersion "1"]
[SourceVersionDate "2018.02.23"]
[SourceQuality "1"]

1. c4 Nf6 2. Nc3 g6 3. e4 c5 4. d3 d6 5. Be2 Bg7 6. h3 0-0 7. Nf3 Nc6 8. Be3 Rb8 9. 0-0 a6 10. a4 Ne8 11. d4 cxd4 12. Nxd4 Nc7 13. Qd2 Nxd4 14. Bxd4 Ne6 15. Bxg7 Nxg7 16. Rad1 f5 17. e5 f4 18. exd6 exd6 19. Qxd6 Qxd6 20. Rxd6 Nf5 21. Rd2 Nh4 22. Bg4 h5 23. Bxc8 Rbxc8 24. Rd4 Kg7 25. Rfd1 Rf7 26. b3 Re8 27. b4 g5 28. Rd5 Nf5 29. Rd7 Ree7 30. Rxe7 Rxe7 31. Kf1 Kf7 32. c5 g4 33. hxg4 hxg4 34. b5 axb5 35. axb5 Rc7 36. Rd5 Ke6 37. Ke2 g3 38. fxg3 fxg3 39. Kf3 Rf7 40. Ke4 Rf8 41. Re5+ Kd7 42. Rxf5 Re8+ 43. Kd5 Re7 44. Kd4 Kc7 45. Kd3 Rd7+ 46. Kc4 b6 47. cxb6+ Kxb6 48. Rf6+ Kb7 49. Ne4 Rc7+ 50. Nc5+ Kb8 51. b6 Rc8 52. Kb5 Rd8 53. Rf7 Ka8 54. Ra7+ Kb8 55. Na6+ 1-0

[Event "Moscow op-B (Women) 14th"]
[Site "Moscow"]
[Date "2018.02.01"]
[Round "6"]
[White "Trapeznikova, Darya"]
[Black "Khristenko, Anna"]
[Result "0-1"]
[WhiteElo "2110"]
[BlackElo "1952"]
[PlyCount "132"]
[EventDate "2018.01.27"]
[EventType "swiss"]
[EventRounds "9"]
[EventCountry "RUS"]
[SourceTitle "CBM 182 Extra"]
[Source "ChessBase"]
[SourceDate "2018.02.23"]
[SourceVersion "1"]
[SourceVersionDate "2018.02.23"]
[SourceQuality "1"]

1. f4 Nf6 2. Nf3 g6 3. g3 Bg7 4. Bg2 0-0 5. 0-0 d5 6. d3 c5 7. Qe1 Nc6 8. e4 dxe4 9. dxe4 e5 10. fxe5 Ng4 11. Nc3 Nd4 12. Nxd4 cxd4 13. Nd5 Nxe5 14. Bf4 Be6 15. Qb4 Qd7 16. Bh6 a5 17. Qc5 Bxd5 18. Bxg7 Kxg7 19. exd5 Qg4 20. Rf4 Qe2 21. Qxd4 f6 22. Raf1 Rac8 23. Qb6 Rxc2 24. R4f2 Qd3 25. Rxc2 Qxc2 26. Qxb7+ Rf7 27. Qb6 Nc4 28. Qc5 Qd3 29. Re1 Nxb2 30. Qxa5 Qd4+ 31. Kf1 Nc4 32. Qd8 Ne3+ 33. Rxe3 Qxe3 34. d6 Qc1+ 35. Kf2 Qd2+ 36. Kg1 Qxa2 37. h3 Qa7+ 38. Kh2 Rd7 39. Qe8 Rxd6 40. h4 Qd7 41. Qe4 Rd4 42. Qa8 Rd3 43. Qb8 Qd6 44. Qa7+ Kh6 45. Qf2 Rd2 46. Qe3+ Kg7 47. Qa7+ Qd7 48. Qa8 Qc7 49. Qe4 Rc2 50. Qf3 Rc3 51. Qf2 Qc5 52. Qd2 Qe5 53. Qd7+ Kh6 54. Qg4 Rc2 55. Qd1 Qe2 56. Qd5 Qxg2+ 57. Qxg2 Rxg2+ 58. Kxg2 Kh5 59. Kf3 g5 60. hxg5 fxg5 61. Kf2 Kg4 62. Kg2 h5 63. Kh2 Kf3 64. Kh3 g4+ 65. Kh4 Kg2 66. Kxh5 Kxg3 0-1

[Event "Moscow op-B (Women) 14th"]
[Site "Moscow"]
[Date "2018.01.27"]
[Round "1"]
[White "Khristenko, Anna"]
[Black "Doluhanova, Evgeniya"]
[Result "0-1"]
[WhiteElo "1952"]
[BlackElo "2342"]
[PlyCount "110"]
[EventDate "2018.01.27"]
[EventType "swiss"]
[EventRounds "9"]
[EventCountry "RUS"]
[SourceTitle "CBM 182 Extra"]
[Source "ChessBase"]
[SourceDate "2018.02.23"]
[SourceVersion "1"]
[SourceVersionDate "2018.02.23"]
[SourceQuality "1"]

1. Nf3 Nf6 2. g3 e6 3. Bg2 d5 4. d4 b5 5. a4 b4 6. c4 bxc3 7. Nxc3 Nbd7 8. 0-0 Ba6 9. Re1 Bb4 10. Bd2 Rb8 11. Nb5 Bxd2 12. Nxd2 c6 13. Nd6+ Ke7 14. e4 Kxd6 15. e5+ Ke7 16. exf6+ Nxf6 17. Qc2 Qd6 18. Nf3 Rhc8 19. Rac1 Kf8 20. Re3 Rc7 21. Rc3 Ne4 22. Rxc6 Rxc6 23. Qxc6 Rxb2 24. Qa8+ Qb8 25. Qc6 Qb7 26. Ne5 Qxc6 27. Nxc6 Nxf2 28. Nxa7 Nd3 29. Rd1 Nb4 30. Bf1 Bxf1 31. Rxf1 Ra2 32. Rc1 Rxa4 33. Rc8+ Ke7 34. Rc7+ Kf6 35. Nb5 Ra1+ 36. Kg2 Ra2+ 37. Kg1 Rc2 38. Rb7 Nc6 39. Nd6 Nxd4 40. Rxf7+ Kg6 41. Re7 Rc6 42. Ne8 Nf5 43. Rd7 Rc8 44. g4 Rxe8 45. gxf5+ Kxf5 46. Rxg7 h6 47. Kf2 e5 48. Ke3 d4+ 49. Kd3 e4+ 50. Kxd4 e3 51. Rg1 e2 52. Re1 Kf4 53. Kd3 Kf3 54. Kd2 Kf2 55. h3 Rd8+ 0-1

[Event "Sochi Doroshkevich Amateur op"]
[Site "Sochi"]
[Date "2017.12.25"]
[Round "5"]
[White "Nezamyatin, Ruslan"]
[Black "Khristenko, Anna"]
[Result "1-0"]
[WhiteElo "2129"]
[BlackElo "1858"]
[PlyCount "61"]
[EventDate "2017.12.21"]
[EventType "swiss"]
[EventRounds "9"]
[EventCountry "RUS"]
[SourceTitle "CBM 182 Extra"]
[Source "ChessBase"]
[SourceDate "2018.02.23"]
[SourceVersion "1"]
[SourceVersionDate "2018.02.23"]
[SourceQuality "1"]

1. d4 Nf6 2. c4 c5 3. d5 b5 4. cxb5 a6 5. bxa6 Bxa6 6. Nc3 g6 7. e4 Bxf1 8. Kxf1 d6 9. g3 Bg7 10. Kg2 0-0 11. Nf3 Qb6 12. Rb1 Na6 13. Qe2 Rfb8 14. h3 Nd7 15. Bg5 Qd8 16. Bf4 Nb6 17. e5 Nb4 18. exd6 exd6 19. Ne4 N4xd5 20. Bxd6 Rc8 21. Bxc5 Rxa2 22. Qb5 Qd7 23. Qb3 Ra6 24. Ba3 Qe6 25. Qd3 Raa8 26. Ned2 Rd8 27. Qb5 Qf5 28. Kh2 Bh6 29. Rhf1 Re8 30. Nd4 Qf6 31. N2f3 1-0

[Event "Sochi Doroshkevich Amateur op"]
[Site "Sochi"]
[Date "2017.12.23"]
[Round "3"]
[White "Mednikov, Gennadiy"]
[Black "Khristenko, Anna"]
[Result "1-0"]
[WhiteElo "2144"]
[BlackElo "1858"]
[PlyCount "49"]
[EventDate "2017.12.21"]
[EventType "swiss"]
[EventRounds "9"]
[EventCountry "RUS"]
[SourceTitle "CBM 182 Extra"]
[Source "ChessBase"]
[SourceDate "2018.02.23"]
[SourceVersion "1"]
[SourceVersionDate "2018.02.23"]
[SourceQuality "1"]

1. d4 Nf6 2. Bf4 g6 3. Nc3 Bg7 4. Qd2 0-0 5. Bh6 d5 6. Bxg7 Kxg7 7. 0-0-0 Nc6 8. f3 a5 9. g4 h5 10. gxh5 Nxh5 11. e4 dxe4 12. fxe4 Bg4 13. Be2 Bxe2 14. Ngxe2 e5 15. d5 Na7 16. Ng3 Nxg3 17. hxg3 Rh8 18. g4 Qd7 19. Rdg1 Nb5 20. Nxb5 Qxb5 21. Qc3 Rhe8 22. Qxc7 Rac8 23. Rh7+ Kxh7 24. Qxf7+ Kh6 25. g5+ 1-0

[Event "RUS-chT (Women)"]
[Site "Sochi"]
[Date "2017.05.09"]
[Round "8.4"]
[White "Maltsevskaya, Aleksandra"]
[Black "Khristenko, Anna"]
[Result "0-1"]
[WhiteElo "2199"]
[BlackElo "1793"]
[PlyCount "168"]
[EventDate "2017.05.01"]
[EventType "team-tourn"]
[EventRounds "9"]
[EventCountry "RUS"]
[SourceTitle "CBM 178 Extra"]
[Source "ChessBase"]
[SourceDate "2017.06.22"]
[SourceVersion "1"]
[SourceVersionDate "2017.06.22"]
[SourceQuality "1"]
[WhiteTeam "Rostov Donchanka (W)"]
[BlackTeam "Krasnodar Belorechensk Uni (W)"]
[WhiteTeamCountry "RUS"]
[BlackTeamCountry "RUS"]

1. d4 Nf6 2. c4 c5 3. d5 b5 4. cxb5 a6 5. bxa6 g6 6. Nc3 Bg7 7. g3 Nxa6 8. Bg2 d6 9. Nf3 0-0 10. 0-0 Rb8 11. Nd2 Bd7 12. e4 Ng4 13. Qe2 Qb6 14. Nc4 Qa7 15. f4 Bd4+ 16. Kh1 Nb4 17. h3 Nf6 18. a3 Qa6 19. Bd2 Nc2 20. Rac1 Nh5 21. Kh2 Bxc3 22. Bxc3 Nd4 23. Bxd4 cxd4 24. g4 Ng7 25. Qd2 Bb5 26. Qxd4 Rfc8 27. b3 Bxc4 28. Rxc4 Qxa3 29. Rxc8+ Rxc8 30. b4 Rb8 31. Ra1 Qb3 32. Qa7 Qxb4 33. Qxe7 Re8 34. Qf6 Qb6 35. Rc1 h5 36. e5 h4 37. exd6 Rf8 38. Re1 Qf2 39. Rf1 Qg3+ 40. Kh1 Ne8 41. Qe7 Qa3 42. Qxh4 Qxd6 43. f5 gxf5 44. gxf5 f6 45. Qg4+ Ng7 46. Re1 Kh8 47. Rg1 Rf7 48. Ra1 Kg8 49. h4 Qe5 50. Rf1 Kh8 51. Qf3 Ne8 52. Qf2 Ng7 53. Re1 Qd6 54. Qf3 Re7 55. Rf1 Kg8 56. Qg4 Kh8 57. h5 Nxh5 58. Ra1 Ng3+ 59. Kg1 Qc5+ 60. Kh2 Rh7+ 61. Kxg3 Rg7 62. Ra4 Qe3+ 63. Kh2 Rxg4 64. Rxg4 Qe5+ 65. Kh3 Qxf5 66. Be4 Qf1+ 67. Bg2 Qd3+ 68. Rg3 Qh7+ 69. Kg4 Qg6+ 70. Kf4 Qe8 71. Bf3 Qe5+ 72. Kg4 Kg7 73. Kh3+ Kf8 74. Rg4 f5 75. Rh4 Kg7 76. Rc4 Qe3 77. Kg2 Qd2+ 78. Kg3 Kf6 79. Rh4 Qe1+ 80. Kh3 Kg5 81. Rh8 Kf4 82. Rg8 Kxf3 83. Kh2 Qd2+ 84. Kh3 Qh6# 0-1

[Event "Moscow op-B (Women) 13th"]
[Site "Moscow"]
[Date "2017.02.05"]
[Round "9"]
[White "Sergeeva, Natalia"]
[Black "Khristenko, Anna"]
[Result "1-0"]
[WhiteElo "2027"]
[BlackElo "1822"]
[PlyCount "71"]
[EventDate "2017.01.28"]
[EventType "swiss"]
[EventRounds "9"]
[EventCountry "RUS"]
[SourceTitle "EXT 2018"]
[Source "ChessBase"]
[SourceDate "2017.10.13"]
[SourceVersion "1"]
[SourceVersionDate "2017.10.13"]
[SourceQuality "1"]

1. e4 c5 2. Nf3 e6 3. d4 cxd4 4. Nxd4 a6 5. c4 Nf6 6. Nc3 Qc7 7. Be2 b6 8. 0-0 Bb7 9. f3 d6 10. Be3 Nbd7 11. Qd2 Be7 12. Kh1 0-0 13. Rfc1 Rfb8 14. a4 Ne8 15. a5 bxa5 16. Na4 Bf6 17. Ra2 Nc5 18. Bd1 Bc6 19. Nxc5 dxc5 20. Nb3 Rb4 21. Nxc5 Nd6 22. Qe2 Nb7 23. Nd3 Rd8 24. Nxb4 axb4 25. Rxa6 Qd7 26. Bb3 Qd3 27. Qxd3 Rxd3 28. Rd1 Rxd1+ 29. Bxd1 Nd8 30. Bb6 Bb7 31. Ra7 Bc6 32. e5 Bg5 33. Ba4 Bxa4 34. Rxa4 Kf8 35. Bxd8 Bxd8 36. Rxb4 1-0

[Event "Wch U16 Girls"]
[Site "Khanty-Mansiysk"]
[Date "2016.10.03"]
[Round "11"]
[White "Khristenko, Anna"]
[Black "Wijesuriya, GPY"]
[Result "1/2-1/2"]
[WhiteElo "1938"]
[BlackElo "1588"]
[PlyCount "94"]
[EventDate "2016.09.22"]
[EventType "swiss"]
[EventRounds "11"]
[EventCountry "RUS"]
[SourceTitle "EXT 2017"]
[Source "ChessBase"]
[SourceDate "2016.10.25"]
[SourceVersion "1"]
[SourceVersionDate "2016.10.25"]
[SourceQuality "1"]

1. Nf3 d5 2. g3 Nf6 3. d4 Bg4 4. Bg2 Nbd7 5. 0-0 e6 6. Nbd2 Bd6 7. c4 c6 8. b3 0-0 9. Bb2 Re8 10. Ne5 Qc7 11. Nxg4 Nxg4 12. e4 Bb4 13. Qxg4 Bxd2 14. Rfd1 Bh6 15. e5 g6 16. Qe2 Bg7 17. Rac1 Qd8 18. f4 Qe7 19. h3 Nb6 20. c5 Nd7 21. b4 a6 22. a4 Rec8 23. b5 axb5 24. axb5 Qd8 25. b6 Ra2 26. Ra1 Rca8 27. Bf1 Rxa1 28. Rxa1 Rxa1 29. Bxa1 Qa8 30. Bc3 Qa3 31. Qd2 Bh6 32. Qe1 Nb8 33. Ba5 Qb2 34. Qc3 Qxc3 35. Bxc3 Nd7 36. Kg2 Bf8 37. Kf3 h5 38. g4 Kg7 39. Bd3 Kh6 40. Bd2 Be7 41. Kg3 Nf8 42. f5+ Bg5 43. Bxg5+ Kxg5 44. h4+ Kh6 45. g5+ Kg7 46. fxg6 fxg6 47. Kf3 Kf7 1/2-1/2

[Event "EU-ch U16 Girls 26th"]
[Site "Prague"]
[Date "2016.08.18"]
[Round "1"]
[White "Ahmadova, Irada"]
[Black "Khristenko, Anna"]
[Result "0-1"]
[WhiteElo "1627"]
[BlackElo "1957"]
[PlyCount "90"]
[EventDate "2016.08.18"]
[EventType "swiss"]
[EventRounds "9"]
[EventCountry "CZE"]
[SourceTitle "CBM 174 Extra"]
[Source "ChessBase"]
[SourceDate "2016.10.10"]
[SourceVersion "1"]
[SourceVersionDate "2016.10.10"]
[SourceQuality "1"]

1. e4 c5 2. Nf3 e6 3. d4 cxd4 4. Nxd4 a6 5. Nc3 Qc7 6. Bd3 Nf6 7. 0-0 b5 8. f4 Bc5 9. Be3 Qb6 10. Nce2 Bb7 11. e5 Ng4 12. Qd2 Nc6 13. c3 Nxd4 14. Nxd4 Nxe3 15. Qxe3 g6 16. Be4 Bxe4 17. Qxe4 Rc8 18. Kh1 Bxd4 19. cxd4 0-0 20. Rac1 d5 21. Qe3 Rc4 22. Rxc4 bxc4 23. Qc3 Rb8 24. Rb1 a5 25. b3 Qb4 26. Rc1 Qxc3 27. Rxc3 a4 28. g3 axb3 29. axb3 Rxb3 30. Rc2 Rd3 31. Kg2 Rxd4 32. Kf2 Rd3 33. Ke2 Rb3 34. Kd2 Kg7 35. Ke2 h5 36. Kf2 Ra3 37. Kg2 Ra4 38. Kf2 d4 39. Kf3 d3 40. Rc3 Ra1 41. Ke3 Re1+ 42. Kd2 Re4 43. Rc1 h4 44. Rc3 hxg3 45. hxg3 g5 0-1

[Event "Nebug op"]
[Site "Nebug"]
[Date "2016.03.26"]
[Round "6.4"]
[White "Beshukova, Alina"]
[Black "Khristenko, Anna"]
[Result "1/2-1/2"]
[WhiteElo "1733"]
[BlackElo "1877"]
[PlyCount "20"]
[EventDate "2016.03.22"]
[EventType "tourn"]
[EventRounds "9"]
[EventCountry "RUS"]
[SourceTitle "EXT 2022"]
[Source "ChessBase"]
[SourceDate "2021.10.06"]
[SourceVersion "1"]
[SourceVersionDate "2021.10.06"]
[SourceQuality "1"]

1. d4 Nf6 2. c4 d6 3. Nc3 Bf5 4. f3 e5 5. g4 Nxg4 6. fxg4 Qh4+ 7. Kd2 Qg5+ 8. Ke1 Qh4+ 9. Kd2 Qg5+ 10. Ke1 Qh4+ 1/2-1/2

[Event "YFO-ch (Women)"]
[Site "Nebug"]
[Date "2016.03.08"]
[Round "4"]
[White "Khristenko, Anna"]
[Black "Gorovenko, Darya"]
[Result "0-1"]
[WhiteElo "1853"]
[BlackElo "2075"]
[PlyCount "96"]
[EventDate "2016.03.05"]
[EventType "swiss"]
[EventRounds "9"]
[EventCountry "RUS"]
[SourceTitle "CBM 171 Extra"]
[Source "ChessBase"]
[SourceDate "2016.04.26"]
[SourceVersion "1"]
[SourceVersionDate "2016.04.26"]
[SourceQuality "1"]

1. Nf3 Nf6 2. g3 g6 3. Bg2 Bg7 4. 0-0 d5 5. d3 0-0 6. Nbd2 c5 7. e4 Nc6 8. Re1 e6 9. c3 dxe4 10. dxe4 Qc7 11. Nc4 Rd8 12. Qc2 b5 13. Bf4 Qe7 14. Nfe5 Nxe5 15. Nxe5 Bb7 16. Nf3 h6 17. h4 Nh5 18. Be3 e5 19. a4 Nf6 20. Nh2 a6 21. f3 Nd7 22. b4 cxb4 23. cxb4 Rac8 24. Qb3 Bf8 25. axb5 axb5 26. Reb1 Ra8 27. Bf1 Bc6 28. Rxa8 Rxa8 29. Rc1 Ra6 30. Bh3 Qe8 31. Rd1 Nb6 32. Ng4 Qe7 33. Bc5 Qc7 34. Bxf8 Kxf8 35. Qe3 Nd7 36. Qxh6+ Kg8 37. Rxd7 Bxd7 38. Qg5 Ra1+ 39. Bf1 Bxg4 40. fxg4 Qa7+ 41. Kg2 Ra2+ 42. Kh3 Qf2 43. Qd8+ Kg7 44. g5 Qxf1+ 45. Kg4 Qe2+ 46. Kh3 Qg2+ 47. Kg4 Qxe4+ 48. Kh3 Qf5+ 0-1

[Event "YFO-ch (Women)"]
[Site "Nebug"]
[Date "2016.03.05"]
[Round "1"]
[White "Baraeva, Irina"]
[Black "Khristenko, Anna"]
[Result "0-1"]
[WhiteElo "2198"]
[BlackElo "1853"]
[PlyCount "76"]
[EventDate "2016.03.05"]
[EventType "swiss"]
[EventRounds "9"]
[EventCountry "RUS"]
[SourceTitle "CBM 171 Extra"]
[Source "ChessBase"]
[SourceDate "2016.04.26"]
[SourceVersion "1"]
[SourceVersionDate "2016.04.26"]
[SourceQuality "1"]

1. d4 Nf6 2. c4 g6 3. Nc3 Bg7 4. e4 d6 5. Be2 0-0 6. Nf3 e5 7. 0-0 Nc6 8. d5 Ne7 9. Ne1 Nd7 10. Be3 f5 11. f3 Nf6 12. c5 f4 13. Bf2 g5 14. Rc1 Bd7 15. Qb3 Kh8 16. cxd6 cxd6 17. Qxb7 g4 18. Qa6 Bc8 19. Qa3 Bh6 20. Rc2 g3 21. hxg3 fxg3 22. Bxg3 Be3+ 23. Bf2 Bf4 24. Nb5 Ne8 25. Bh4 a6 26. Nd3 Be3+ 27. Bf2 Bh6 28. Na7 Rxa7 29. Bxa7 Rg8 30. Nf2 Ng6 31. Rxc8 Qxc8 32. Qxa6 Qd8 33. Ng4 Bf4 34. Be3 h5 35. Bxf4 Nxf4 36. Ne3 Qg5 37. Rf2 Nh3+ 38. Kf1 Qxe3 0-1

[Event "World School-ch U15 Girls 11th"]
[Site "Pattaya"]
[Date "2015.05.13"]
[Round "8"]
[White "Khristenko, Anna"]
[Black "Rosado Perez, Maria Jose"]
[Result "1-0"]
[WhiteElo "1872"]
[BlackElo "1912"]
[PlyCount "93"]
[EventDate "2015.05.07"]
[EventType "swiss"]
[EventRounds "9"]
[EventCountry "THA"]
[SourceTitle "CBM 166 Extra"]
[Source "ChessBase"]
[SourceDate "2015.06.18"]
[SourceVersion "1"]
[SourceVersionDate "2015.06.18"]
[SourceQuality "1"]

1. d4 d5 2. c4 e6 3. Nc3 Nf6 4. cxd5 exd5 5. Bg5 Be7 6. e3 0-0 7. Bd3 h6 8. Bh4 c6 9. Qc2 Re8 10. Nge2 Nbd7 11. 0-0 Ne4 12. Bxe7 Qxe7 13. Rab1 f5 14. b4 Ndf6 15. Ng3 Nxg3 16. hxg3 g6 17. b5 Ng4 18. Be2 Nxe3 19. fxe3 Qxe3+ 20. Rf2 Qxd4 21. Rd1 Qe5 22. bxc6 bxc6 23. Bf3 Be6 24. Ne2 Rac8 25. Qc5 Qc7 26. Nf4 Bf7 27. Rc1 Qd7 28. Rfc2 a6 29. Qb6 g5 30. Nd3 g4 31. Be2 Qc7 32. Qxc7 Rxc7 33. Nf4 Re3 34. Kf2 d4 35. Rxc6 Ra7 36. Rxh6 Bxa2 37. Rc8+ Kg7 38. Rhc6 Ree7 39. Bxa6 Bb1 40. Bc4 Be4 41. Rg6+ Kh7 42. Rgg8 d3 43. Rh8+ Kg7 44. Nh5+ Kg6 45. Rcg8+ Rg7 46. Rxg7+ Rxg7 47. Nxg7 1-0

[Event "World School-ch U15 Girls 11th"]
[Site "Pattaya"]
[Date "2015.05.09"]
[Round "4"]
[White "Nur Abidah, Shanti"]
[Black "Khristenko, Anna"]
[Result "1/2-1/2"]
[WhiteElo "2249"]
[BlackElo "1872"]
[PlyCount "109"]
[EventDate "2015.05.07"]
[EventType "swiss"]
[EventRounds "9"]
[EventCountry "THA"]
[SourceTitle "CBM 166 Extra"]
[Source "ChessBase"]
[SourceDate "2015.06.18"]
[SourceVersion "1"]
[SourceVersionDate "2015.06.18"]
[SourceQuality "1"]

1. e4 c5 2. Nf3 d6 3. d4 cxd4 4. Nxd4 Nf6 5. Nc3 g6 6. Be3 Bg7 7. f3 Nc6 8. Qd2 Bd7 9. Bc4 h5 10. h4 Rb8 11. Bb3 0-0 12. 0-0-0 Na5 13. Kb1 b5 14. Bg5 Nxb3 15. Nxb3 b4 16. Ne2 Bb5 17. Ned4 a5 18. Nxb5 Rxb5 19. Nd4 Rb7 20. Bh6 e6 21. Bxg7 Kxg7 22. g4 Rd7 23. gxh5 Nxh5 24. Nc6 Qc7 25. Ne5 Rdd8 26. Ng4 Rh8 27. Rdg1 e5 28. Ne3 Kf8 29. Nd5 Qd7 30. Qg5 Rb8 31. f4 exf4 32. Nxf4 Nxf4 33. Qxf4 Qe6 34. Rg5 a4 35. Rd5 Rb6 36. Rhd1 Qe7 37. h5 gxh5 38. Ra5 Rb8 39. Rxd6 Rd8 40. Rxd8+ Qxd8 41. Rd5 Qb6 42. Qg5 f6 43. Qg6 Rg8 44. Qh6+ Rg7 45. Qh8+ Rg8 46. Qh6+ Rg7 47. Rd1 Kg8 48. Qxh5 Rg1 49. Qd5+ Kg7 50. Qd2 Rxd1+ 51. Qxd1 Qe3 52. Qg4+ Kf7 53. Qd7+ Kg6 54. Qg4+ Kf7 55. Qd7+ 1/2-1/2

[Event "Krasnodar Region-ch (Women)"]
[Site "Krasnodar"]
[Date "2014.10.08"]
[Round "6"]
[White "Yakimenko, Anastasia"]
[Black "Khristenko, Anna"]
[Result "1-0"]
[WhiteElo "2058"]
[BlackElo "1671"]
[PlyCount "49"]
[EventDate "2014.10.03"]
[EventType "swiss"]
[EventRounds "9"]
[EventCountry "RUS"]
[SourceTitle "EXT 2015"]
[Source "ChessBase"]
[SourceDate "2014.11.20"]
[SourceVersion "1"]
[SourceVersionDate "2014.11.20"]
[SourceQuality "1"]

1. e4 d5 2. exd5 Qxd5 3. d4 Nf6 4. Nf3 Bg4 5. Be2 c6 6. 0-0 e6 7. c4 Qd8 8. Nc3 Bd6 9. Bg5 h6 10. Bxf6 gxf6 11. d5 e5 12. Ne4 f5 13. dxc6 fxe4 14. cxb7 exf3 15. Bxf3 e4 16. Bxg4 Bxh2+ 17. Kh1 Qh4 18. Bh3 f6 19. Kxh2 Kf7 20. bxa8Q Qf4+ 21. g3 Qc7 22. Qxe4 a6 23. Qh5+ Kf8 24. Qee8+ Kg7 25. Qhg6# 1-0

[Event "Krasnodar Region-ch (Women)"]
[Site "Krasnodar"]
[Date "2014.10.07"]
[Round "5"]
[White "Baraeva, Marina"]
[Black "Khristenko, Anna"]
[Result "1-0"]
[WhiteElo "2089"]
[BlackElo "1671"]
[PlyCount "97"]
[EventDate "2014.10.03"]
[EventType "swiss"]
[EventRounds "9"]
[EventCountry "RUS"]
[SourceTitle "EXT 2015"]
[Source "ChessBase"]
[SourceDate "2014.11.20"]
[SourceVersion "1"]
[SourceVersionDate "2014.11.20"]
[SourceQuality "1"]

1. d4 Nf6 2. c4 g6 3. Nc3 d5 4. cxd5 Nxd5 5. e4 Nxc3 6. bxc3 Bg7 7. Bc4 c5 8. Ne2 0-0 9. 0-0 cxd4 10. cxd4 Nc6 11. Be3 a6 12. a4 e6 13. Rc1 Bd7 14. d5 exd5 15. Bxd5 Rc8 16. Bc5 Re8 17. Qb3 Be6 18. Rfd1 Qh4 19. g3 Qf6 20. Qxb7 Bxd5 21. exd5 Ne5 22. Nf4 Nf3+ 23. Kg2 Nh4+ 24. Kh1 g5 25. d6 Rxc5 26. Rxc5 Qxd6 27. Qd5 Qe7 28. Ng2 Nxg2 29. Kxg2 g4 30. Rc4 Qe2 31. Rd2 Qe7 32. Rxg4 h6 33. Qd7 Qe5 34. Qd6 Qe6 35. Qxe6 Rxe6 36. Rd8+ Kh7 37. Rd7 Rf6 38. Rf4 Kg6 39. Rxf6+ Bxf6 40. Rd6 a5 41. Ra6 Kg7 42. Rxa5 Bd4 43. Rd5 Ba7 44. a5 Kf8 45. a6 Ke8 46. Rb5 Bd4 47. Rb7 Bc5 48. a7 Bxa7 49. Rxa7 1-0

[Event "Sochi Tseshkovsky Memorial op"]
[Site "Sochi"]
[Date "2014.09.24"]
[Round "8"]
[White "Khristenko, Anna"]
[Black "Karapetian, Albert"]
[Result "1/2-1/2"]
[WhiteElo "1605"]
[BlackElo "1967"]
[PlyCount "122"]
[EventDate "2014.09.17"]
[EventType "swiss"]
[EventRounds "9"]
[EventCountry "RUS"]
[SourceTitle "CBM 162 Extra"]
[Source "ChessBase"]
[SourceDate "2014.10.17"]
[SourceVersion "1"]
[SourceVersionDate "2014.10.17"]
[SourceQuality "1"]

1. d4 e6 2. e3 f5 3. Bd3 Nf6 4. f4 b6 5. Nf3 Bb7 6. Nbd2 Be7 7. 0-0 0-0 8. c3 Ne4 9. Qc2 d5 10. Ne5 Nxd2 11. Bxd2 Nd7 12. Rf3 c5 13. Qd1 Nf6 14. Rh3 Bd6 15. Qe1 Bxe5 16. fxe5 Ne4 17. Qe2 Qe8 18. Rf1 Nxd2 19. Qxd2 Qa4 20. a3 Ba6 21. Bxa6 Qxa6 22. Qf2 Rf7 23. Qh4 g6 24. Rhf3 Raf8 25. g4 Rg7 26. Kh1 Qe2 27. R1f2 Qe1+ 28. Kg2 cxd4 29. exd4 Qe4 30. h3 b5 31. Kh2 g5 32. Qg3 f4 33. Qg1 a5 34. Qf1 Rb8 35. h4 h6 36. h5 Rc7 37. a4 Rcb7 38. Qa1 Qh7 39. axb5 Rxb5 40. Qa2 Qe4 41. Qa3 Kf7 42. Qd6 R5b7 43. Qc5 a4 44. Qa5 Rxb2 45. Qxa4 Rxf2+ 46. Rxf2 Rb7 47. Qc6 Qb1 48. Qc8 Re7 49. Qh8 Qe1 50. Qh7+ Ke8 51. Qc2 Qe3 52. Rg2 Qe4 53. Qa4+ Kf7 54. Qd1 Rb7 55. Qa4 Qe1 56. Qc2 Rb1 57. Qg6+ Ke7 58. Qg7+ Kd8 59. Qf8+ Kc7 60. Qe7+ Kb8 61. Qd8+ Kb7 1/2-1/2

[Event "Sochi Tseshkovsky Memorial op"]
[Site "Sochi"]
[Date "2014.09.21"]
[Round "5"]
[White "Khristenko, Anna"]
[Black "Markosian, Sergey"]
[Result "1-0"]
[WhiteElo "1605"]
[BlackElo "1877"]
[PlyCount "103"]
[EventDate "2014.09.17"]
[EventType "swiss"]
[EventRounds "9"]
[EventCountry "RUS"]
[SourceTitle "CBM 162 Extra"]
[Source "ChessBase"]
[SourceDate "2014.10.17"]
[SourceVersion "1"]
[SourceVersionDate "2014.10.17"]
[SourceQuality "1"]

1. d4 g6 2. e3 Bg7 3. Bd3 Nf6 4. f4 d5 5. Nf3 Nbd7 6. 0-0 c5 7. c3 0-0 8. Nbd2 c4 9. Bc2 Ng4 10. Qe2 f5 11. Ng5 Ndf6 12. h3 Nh6 13. b3 cxb3 14. Bxb3 Ne4 15. Ndxe4 fxe4 16. Nxe4 Kh8 17. Ng3 a5 18. a4 b6 19. Bc2 Bb7 20. Bd3 Rc8 21. Bd2 Nf7 22. f5 Qd6 23. Be1 e5 24. fxe6 Qxe6 25. e4 dxe4 26. Bxe4 Bxe4 27. Qxe4 Qd6 28. Rd1 Rce8 29. Qd3 Qc6 30. Rb1 Nd6 31. Rxf8+ Rxf8 32. Bf2 Nc4 33. Ra1 Qd5 34. Qe4 Qf7 35. Qe2 Bh6 36. Rd1 Re8 37. Qa2 Qc7 38. d5 Ne3 39. d6 Qc6 40. Bxe3 Bxe3+ 41. Kh1 Qxc3 42. d7 Rd8 43. Qe6 Bg5 44. Ne4 Qc2 45. Qe5+ Kg8 46. Qd5+ Kg7 47. Nxg5 Rxd7 48. Qxd7+ Kh6 49. Nf3 Qb3 50. Qd2+ Kg7 51. Qd4+ Kf8 52. Qf6+ 1-0